[Event "Petroupoli-ch"]
[Site "Petropouli"]
[Date "2014.02.22"]
[Round "5"]
[White "Kiousis, Stavros St"]
[Black "Megaklis, Iasonas"]
[Result "1/2-1/2"]
[WhiteElo "1005"]
[BlackElo "1000"]
[PlyCount "64"]
[EventDate "2014.01.25"]
[EventType "swiss"]
[EventRounds "7"]
[EventCountry "GRE"]
[SourceTitle "EXT 2015"]
[Source "ChessBase"]
[SourceDate "2014.11.20"]
[SourceVersion "1"]
[SourceVersionDate "2014.11.20"]
[SourceQuality "1"]

1. e4 d5 2. exd5 Qxd5 3. Nc3 Qa5 4. Nb5 Nf6 5. Nc3 Bf5 6. Bc4 e6 7. d3 Bb4 8. Bd2 0-0 9. Qf3 c6 10. Nge2 Nbd7 11. a3 Rad8 12. 0-0 Bxc3 13. Bxc3 Qc7 14. Bxf6 Nxf6 15. Qe3 Ng4 16. Qg3 Qxg3 17. Nxg3 Bg6 18. h3 Ne5 19. Rad1 Nxc4 20. dxc4 Bxc2 21. Rxd8 Rxd8 22. Re1 Rd1 23. Rxd1 Bxd1 24. Ne4 Kf8 25. Nd6 b6 26. Nc8 b5 27. cxb5 cxb5 28. Nxa7 Be2 29. f3 Bc4 30. Kf2 Ke7 31. Nc6+ Kd6 32. Nd4 Ke5 1/2-1/2